00585nam a22001697a 450000500170000002000250001703700250004210000180006724501420008526000440022727000410027130000290031249000200034170000190036170000160038070000190039620111212152439.0 a9788121938280c99.00 bS. Chand Publishing  aKiralfy, Bob  aThe most excellent book of how to be a cheerleader /cby Bob Kiralfy; edited by Sarah Levete; illustrated by Rab Shone (and) Peter Harper aNew Delhi bS. Chand Publishing c2011 a7361, Ram Nagar bNew Delhi e110055 a32p. bill. c24cm(pbk)  aMost excellent  a Levete, Sarah aShone, Rob  a Harper, Peter